000 00355nam a2200133Ia 4500
008 240624s9999 xx 000 0 und d
041 _aeng
082 _a658.4012 GRU
100 _aGRUNDY DR TONY
245 _aDEMYSTIFYING STRATEGY HOW TO BECOME A ST
260 _c2012
_aNew Delhi
_bKogan Page
300 _avii, : 324 : p. : cm. ; 23
365 _cRS
_b33
999 _c21662
_d21662